| 000 | 01847nam a22002657a 4500 | ||
|---|---|---|---|
| 005 | 20231101105539.0 | ||
| 008 | 210616b ||||| |||| 00| 0 spa d | ||
| 020 | _a84-8307-073-1 | ||
| 040 | _cAR-FvUNAJ | ||
| 082 | 1 | 4 |
_214 _a335.4 |
| 100 | 1 |
_aWilliams, Raymond _d1921-1988 _912930 |
|
| 245 | 1 | 0 |
_aMarxismo y literatura / _cRaymond Williams ; Prólogo de J. M. Castellet ; Traducción de Pablo di Masso |
| 260 |
_aBuenos Aires : _bEdiciones Península, _cc1977. |
||
| 300 | _a245 p. | ||
| 440 |
_93580 _aHistoria, Ciencia, Sociedad _v265 |
||
| 520 | 2 | _a[Marxismo y literatura, publicado originalmente en 1977, es fruto del esfuerzo de su autor por reexaminar las posiciones teóricas respecto a la cuestión que el título anuncia, no con la intención de ofrecer un sumario histórico, sino de contribuir a la crítica y el debate de una temática de plena vigencia. En la primera parte, Williams analiza cuatro conceptos básicos: cultura, lenguaje, literatura e ideología. En la segunda, expone su teoría cultural, que constituye una aportación inteligente y esclarecedora por el uso. Finalmente, en la tercera parte, aborda de lleno el hecho literario, sometiendo a un riguroso análisis las diversas ideas que, desde Plejánov o Gramsci, se han desarrollado en la teoría marxista. No cabe duda de que la voluntad de Williams, al escribir el presente ensayo, fue la de enriquecer críticamente el marxismo, pero manteniéndose siempre alejado de cuanto pueda suponer dirigismo o determinismo cultural.] | |
| 650 | 1 | 7 |
_2unescot _9813 _aMARXISMO |
| 650 | 2 | 7 |
_2unescot _9811 _aCULTURA |
| 650 | 2 | 7 |
_2unescot _9839 _aIDEOLOGIA |
| 650 | 1 | 7 |
_2unescot _91588 _aLITERATURA |
| 700 | 1 |
_919507 _aCastellet, José María _eProl. |
|
| 700 | 1 |
_919508 _aDi Masso, Pablo _eTrad. |
|
| 942 |
_2ddc _cLIBRO |
||
| 980 |
_621567 _a Villalba _821568 _g Nuñez |
||
| 999 |
_c9906 _d9906 |
||